000
00242 a2200109 4500
001
57664
090
_c
35345
_d
35345
245
_a
Shaping Aluminum with hand tools, 100 min[DVD]
260
_b
Covell
_c
2005
500
_a
CD/DVD
505
_a
IE reference
942
_a
NUST-CAE
999
_c
292737
_d
292737